NATO Secretaries General - Statistics

General Stats
  • This quiz has been taken 24 times
    9 since last reset
  • The average score is 4 of 14
Answer Stats
Term Secretary General Nationality % Correct
2014-2024 Jens Stoltenberg Norway
100%
2024- Mark Rutte Netherlands
100%
2009-2014 Anders Fogh Rasmussen Denmark
50%
1988-1994 Manfred Wörner Germany
50%
1984-1988 Peter Carington UK
50%
1961-1964 Dirk Stikker Netherlands
0%
1999-2003 George Robertson UK
0%
1952-1957 Hastings Ismay UK
0%
2004-2009 Jaap de Hoop Scheffer Netherlands
0%
1995-1999 Javier Solana Spain
0%
1971-1984 Joseph Luns Netherlands
0%
1964-1971 Manlio Brosio Italy
0%
1957-1961 Paul-Henri Spaak Belgium
0%
1994-1995 Willy Claes Belgium
0%
No matching quizzes found
Score Distribution
Percent of People with Each Score
Percentile by Number Answered
Your Score History
You have not taken this quiz since the last reset